| 000 -NÁVESTIE |
| fixed length control field |
00671nam a2200217 a 4500 |
| 001 - EVIDENČNÉ ČÍSLO ZÁZNAMU - Kontrolné číslo |
| control field |
vtls008903730 |
| 005 - DÁTUM A ČAS POSLEDNEJ TRANSAKCIE |
| control field |
20220824083445.0 |
| 008 - ÚDAJE S PEVNOU DĹŽKOU – VŠEOBECNÉ INFORMÁCIE |
| fixed length control field |
061213s1994 xo cze d |
| 020 ## - MEDZINÁRODNÉ ŠTANDARDNÉ ČÍSLO KNIHY (ISBN) |
| Medzinárodné štandardné číslo knihy (ISBN) |
8020604561 |
| Údaje o dostupnosti |
301.00 |
| 035 ## - Iný štandardný identifikátor |
| Iný štandardný identifikátor |
LMAOSK2060 |
| 040 ## - ZDROJ KATALOGIZÁCIE |
| Pôvodná katalogizujúca agentúra |
LMAOSK |
| Jazyk katalogizácie |
slo |
| Prepisujúca agentúra |
LMAOSK |
| 041 1# - KÓD JAZYKA |
| Kód jazyka textu/zvukovej stopy alebo samostatných nápisov |
cze |
| Kód jazyka originálu a/alebo sprostredkujúcich prekladov textu |
eng |
| 080 ## - ČÍSLO MEDZINÁRODNÉHO DESATINNÉHO TRIEDENIA (MDT) |
| Číslo Medzinárodného desatinného triedenia (MDT) |
355.318.2(44) |
| 100 1# - OSOBNÉ MENÁ – VŠEOBECNÉ INFORMÁCIE |
| Osobné meno |
MacDonald, Peter |
| -- |
3292 |
| 245 1# - NÁZOV |
| Názov |
Cizinecká legie |
| Údaj o zodpovednosti atď. |
Peter Macdonald |
| 250 ## - ÚDAJ O PORADÍ VYDANIA |
| Údaj o poradí vydania |
1. vyd. |
| 260 ## - VYDAVATEĽSKÉ ÚDAJE, DISTRIBÚCIA ATĎ. |
| Miesto publikovania, distribúcie atď. |
Praha |
| Názov vydavateľa, distibútora atď. |
Naše vojsko |
| Dátum publikovania, distribúcie atď. |
1994 |
| 300 ## - FYZICKÝ POPIS |
| Rozsah |
191 s. |
| 610 17 - PRIDANÝ VSTUP – PREDMET – KORPORATÍVNE MENO |
| Korporatívne meno alebo meno jurisdikcie ako vstupný prvok |
Francúzsko. |
| Podriadená jednotka |
Armée. |
| -- |
Légion étrangére |
| -- |
3293 |